| 000 | 00000nam 2200000zi 4500 |
| 001 | 9.920112 |
| 003 | CaOODSP |
| 005 | 20240105145725 |
| 006 | m o d f |
| 007 | cr cn||||||||| |
| 008 | 230215t20232023onc o f000 0 eng d |
| 020 | |a9780660476360 |
| 040 | |aCaOODSP|beng|erda|cCaOODSP |
| 043 | |an-cn--- |
| 086 | 1 |aHP15-66/2023E-PDF |
| 245 | 00|aYour guide to postpartum health and caring for your baby. |
| 264 | 1|a[Ottawa] : |bPublic Health Agency of Canada = Agence de la santé publique du Canada, |cMarch 2023. |
| 264 | 4|c©2023 |
| 300 | |a1 online resource (91 pages) : |billustrations |
| 336 | |atext|btxt|2rdacontent |
| 337 | |acomputer|bc|2rdamedia |
| 338 | |aonline resource|bcr|2rdacarrier |
| 500 | |aIssued also in French under title: Votre guide sur la santé post-partum et des soins pour votre bébé. |
| 520 | |a"If you are pregnant or you have just welcomed a new baby, this guide is for you! Having a baby can be a happy and wonderful time, but it can also bring worry and uncertainty. Parents often have questions and concerns as they face the changes a new baby brings. This guide will give you accurate information to help you make good decisions about taking care of yourself, your family and your new baby"--page 2. |
| 650 | 0|aPostnatal care|zCanada. |
| 650 | 0|aMaternal health services|zCanada. |
| 650 | 0|aChild health services|zCanada. |
| 710 | 2 |aPublic Health Agency of Canada, |eissuing body. |
| 775 | 08|tVotre guide sur la santé post-partum et des soins pour votre bébé. |w(CaOODSP)9.920114 |
| 776 | 0#|tYour guide to postpartum health and caring for your baby.|w(CaOODSP)9.920113 |
| 856 | 40|qPDF|s4.42 MB|uhttps://publications.gc.ca/collections/collection_2023/aspc-phac/HP15-66-2023-eng.pdf |
| 986 | |a220772 |